| 000 -CABECERA |
| Longitud fija campo de control |
00605nam a2200157 a 4500 |
| 001 - NÚMERO DE CONTROL |
| Número de control |
5002 |
| 003 - IDENTIFICADOR DEL NÚMERO DE CONTROL |
| Identificador del número de control |
CDMR |
| 005 - FECHA Y HORA DE LA ÚLTIMA TRANSACCIÓN |
| Fecha y hora de la última transacción |
20131030111118.0 |
| 008 - CÓDIGOS DE INFORMACIÓN DE LONGITUD FIJA |
| Códigos de información de longitud fija |
130130s1997||||||||||||||||||||||||||||d |
| 020 ## - NÚMERO INTERNACIONAL NORMALIZADO PARA LIBROS |
| Número Internacional Normalizado para Libros (ISBN) |
8439343582 |
| 040 ## - FUENTE DE LA CATALOGACIÓN |
| Centro catalogador de origen |
CDMR |
| Lengua de catalogación |
cat |
| Centro transcriptor |
CDMR |
| 245 03 - MENCIÓN DE TÍTULO |
| Título |
La celebració dels judicis i el seu tractament per televisió |
| Resto del título |
: dictamen emès pel Consell de l'Audiovisual de Catalunya : informe sobre el tractament televisiu del judici del crim d'Alcàsser |
| 260 ## - PUBLICACIÓN, DISTRIBUCIÓN, ETC. (PIE DE IMPRENTA) |
| Lugar de publicación, distribución, etc. |
Barcelona |
| Fecha de publicación, distribución, etc. |
1997 |
| Nombre del editor, distribuidor, etc. |
Consell de l'Audiovisual de Catalunya |
| 650 04 - PUNTO DE ACCESO ADICIONAL DE MATERIA - TÉRMINO DE MATERIA |
| 9 (RLIN) |
4196 |
| Término de materia o nombre geográfico como elemento inicial |
Delicte en els mitjans de comunicació de massa |
| 942 ## - ENTRADA DE ELEMENTOS AGREGADOS (KOHA) |
| Koha [por defecto] tipo de item |
Monografies |
| Fuente de clasificaión o esquema |
|